000 00952nam a2200265 i 4500
001 8832
003 KOSZ 005
005 20190722100435.0
008 070916s1968 pl a f 001 0 pol
015 _aPB 1969/842
040 _aWA N
_cWA N
_dKOSZ 005/RW
080 _a621.77+66
100 1 _aGlinkowski, Bogdan.
_eAutor
245 1 0 _aTechnologia robót kotlarskich /
_cB. Glinkowski, E. Drygalski, T. Szczęsny.
260 _aWarszawa :
_bWydawnictwa Naukowo-Techniczne,
_c1968.
300 _a388 s., [4] k. tabl. :
_bil. ;
_c25 cm.
380 _aKsiążki.
504 _aBibliogr. s. 382-383. Indeks.
650 4 _aKotły parowe
_xtechnologia.
700 1 _aDrygalski, Edward.
_eAutor
700 1 _aSzczęsny, Tadeusz.
_eAutor
710 2 _aWydawnictwa Naukowo-Techniczne
_4pbl.
856 _uhttp://koha.tu.koszalin.pl/cgi-bin/koha/opac-detail.pl?biblionumber=8832
_yKatalog online BPK
942 _2UKD
_cKS
999 _c8832
_d8832